Scotland's first national park (Record no. 67305)

MARC details
000 -LEADER
fixed length control field 00681cam a2200193 4500
001 - CONTROL NUMBER
control field WB3723-14
008 - FIXED-LENGTH DATA ELEMENTS--GENERAL INFORMATION
fixed length control field 000000n2001 000 0 eng u
035 ## - SYSTEM CONTROL NUMBER
System control number (Sirsi) u113066
245 ## - TITLE STATEMENT
Title Scotland's first national park
260 ## - PUBLICATION, DISTRIBUTION, ETC.
Date of publication, distribution, etc. 2001
490 ## - SERIES STATEMENT
Series statement Independent
Volume/sequential designation 12 June 2001, 11(1)
520 ## - SUMMARY, ETC.
Summary, etc. The Scottish Executive has launched the final consultation on the plans for Scotland's first national park. The draft boundaries will cover 600sq m, with Loch Lomond at its centre.
590 ## - LOCAL NOTE (RLIN)
Local note WB
650 ## - SUBJECT ADDED ENTRY--TOPICAL TERM
Topical term or geographic name entry element NATIONAL PARKS
650 ## - SUBJECT ADDED ENTRY--TOPICAL TERM
Topical term or geographic name entry element SCOTLAND
650 ## - SUBJECT ADDED ENTRY--TOPICAL TERM
Topical term or geographic name entry element SCOTTISH EXECUTIVE
690 ## - LOCAL SUBJECT ADDED ENTRY--TOPICAL TERM (OCLC, RLIN)
Topical term or geographic name as entry element ENVIRONMENTAL AND LAND CONSULTANCY-ENVIRONMENTAL MANAGEMENT
942 ## - ADDED ENTRY ELEMENTS (KOHA)
Suppress in OPAC 0
Holdings
Withdrawn status Lost status Source of classification or shelving scheme Damaged status Not for loan Home library Current library Shelving location Date acquired Total Checkouts Full call number Barcode Date last seen Copy number Price effective from Koha item type
    Dewey Decimal Classification     London London News article 13/06/2001   WB3723-14 113066-1001 06/08/2019 1 06/08/2019 News article